Mahnama tameer e afkar/ (Record no. 95380)
[ view plain ]
| 000 -LEADER | |
|---|---|
| fixed length control field | 00366nam a22001457a 4500 |
| 005 - DATE AND TIME OF LATEST TRANSACTION | |
| control field | 20180312131205.0 |
| 008 - FIXED-LENGTH DATA ELEMENTS--GENERAL INFORMATION | |
| fixed length control field | 170719b xxu||||| |||| 00| 0 eng d |
| 040 ## - CATALOGING SOURCE | |
| Transcribing agency | PK-LaUMT |
| 082 ## - DEWEY DECIMAL CLASSIFICATION NUMBER | |
| Classification number | ZIAC 297.05 |
| Item number | SAL-M |
| 100 ## - MAIN ENTRY--PERSONAL NAME | |
| Personal name | Saleem , Muhammad |
| 245 ## - TITLE STATEMENT | |
| Title | Mahnama tameer e afkar/ |
| Statement of responsibility, etc | Muhammad Saleem |
| 260 ## - PUBLICATION, DISTRIBUTION, ETC. (IMPRINT) | |
| Place of publication, distribution, etc | کراچی: |
| Name of publisher, distributor, etc | [ ] |
| Date of publication, distribution, etc | [ ] |
| 300 ## - PHYSICAL DESCRIPTION | |
| Extent | 493 |
| 942 ## - ADDED ENTRY ELEMENTS (KOHA) | |
| Koha item type | Books |
| Withdrawn status | Lost status | Damaged status | Home library | Current library | Date acquired | Full call number | Barcode | Date last seen | Price effective from | Koha item type |
|---|---|---|---|---|---|---|---|---|---|---|
| UMT Main Campus | UMT Main Campus | 2017-07-19 | ZIAC 297.05 SAL-M | 110965 | 2017-07-19 | 2017-07-19 | Books |
